[Event "TUR-chT"]
[Site "Konya"]
[Date "2012.07.12"]
[Round "2"]
[White "Demir, Zeki"]
[Black "Miyak, Burak"]
[Result "0-1"]
[WhiteElo "1926"]
[BlackElo "2145"]
[PlyCount "106"]
[EventDate "2012.07.11"]
[EventType "team-tourn"]
[EventRounds "13"]
[EventCountry "TUR"]
[SourceTitle "CBM 149 Extra"]
[Source "ChessBase"]
[SourceDate "2012.08.24"]
[SourceVersion "1"]
[SourceVersionDate "2012.08.24"]
[SourceQuality "1"]
[WhiteTeam "Antalya Deniz Genclik"]
[BlackTeam "Tarsus Zeka"]
[WhiteTeamCountry "TUR"]
[BlackTeamCountry "TUR"]

1. d4 d5 2. c4 e6 3. Nc3 Be7 4. e4 dxe4 5. Nxe4 Nf6 6. Nc3 c5 7. Nf3 cxd4 8. Qxd4 Nc6 9. Qxd8+ Bxd8 10. Bf4 0-0 11. Bd6 Re8 12. Bd3 e5 13. Ne4 Nh5 14. Nfd2 Nf4 15. Bf1 f5 16. Nc3 Nd4 17. 0-0-0 Bd7 18. g3 Bc6 19. Rg1 Ng6 20. c5 Bg5 21. h4 Bxd2+ 22. Rxd2 Nf3 23. Bc4+ Kh8 24. Rgd1 Nxd2 25. Rxd2 e4 26. Bf7 e3 27. Re2 exf2 28. Rxf2 Ne5 29. Rxf5 Nxf7 30. Rxf7 Kg8 31. Rf4 Re3 32. Rf5 Rae8 33. Bf4 Rf3 34. Kc2 h6 35. Kd2 Rf2+ 36. Kd3 Rxb2 37. Bd6 Rxa2 38. Nd5 Bb5+ 39. Kc3 Rae2 40. h5 Bc6 41. Nf4 Ra2 42. Ng6 Rae2 43. Ne5 Be4 44. Rf4 Bb1 45. Kd4 a5 46. Rf1 Bc2 47. Rf3 a4 48. Nc4 Bb3 49. Ne5 Rd2+ 50. Kc3 Rd5 51. Re3 b6 52. Ng4 Rc8 53. Re7 Rxd6 0-1

[Event "TUR-chT"]
[Site "Konya"]
[Date "2012.07.11"]
[Round "1"]
[White "Coban, Menderes"]
[Black "Demir, Zeki"]
[Result "1-0"]
[WhiteElo "1925"]
[BlackElo "1926"]
[PlyCount "75"]
[EventDate "2012.07.11"]
[EventType "team-tourn"]
[EventRounds "13"]
[EventCountry "TUR"]
[SourceTitle "CBM 149 Extra"]
[Source "ChessBase"]
[SourceDate "2012.08.24"]
[SourceVersion "1"]
[SourceVersionDate "2012.08.24"]
[SourceQuality "1"]
[WhiteTeam "Adana Truva"]
[BlackTeam "Antalya Deniz Genclik"]
[WhiteTeamCountry "TUR"]
[BlackTeamCountry "TUR"]

1. e4 e6 2. d4 d5 3. Nc3 Bb4 4. e5 Ne7 5. a3 Bxc3+ 6. bxc3 c5 7. Bd3 Nbc6 8. Qg4 0-0 9. Nf3 f6 10. exf6 Rxf6 11. Qh5 g6 12. Qh4 Nf5 13. Qh3 c4 14. Be2 Qc7 15. 0-0 e5 16. g4 Ng7 17. Qg3 Re6 18. Nxe5 Nxe5 19. Bf4 Qf7 20. Bxe5 Bd7 21. f4 Rf8 22. Rf2 Ra6 23. Qg2 Ba4 24. Bf3 Bc6 25. f5 g5 26. Re2 h6 27. Bxg7 Kxg7 28. Re6 Re8 29. Rg6+ Kh7 30. Qh3 Qf8 31. Rxg5 Rxa3 32. Rf1 Re3 33. Rg6 Be8 34. g5 Bxg6 35. fxg6+ Kh8 36. gxh6 Qe8 37. Qf5 Ra6 38. g7+ 1-0

[Event "TUR-ch"]
[Site "Kemer"]
[Date "2011.02.09"]
[Round "6"]
[White "Demir, Zeki"]
[Black "Ali Marandi, Cemil Can"]
[Result "0-1"]
[WhiteElo "1942"]
[BlackElo "2180"]
[PlyCount "82"]
[EventDate "2011.02.05"]
[EventType "swiss"]
[EventRounds "10"]
[EventCountry "TUR"]
[SourceTitle "CBM 140 Extra"]
[Source "ChessBase"]
[SourceDate "2011.03.01"]
[SourceVersion "1"]
[SourceVersionDate "2011.03.01"]
[SourceQuality "1"]

1. d4 d5 2. c4 c6 3. Nf3 Nf6 4. Nc3 e6 5. e3 Nbd7 6. Bd3 dxc4 7. Bxc4 b5 8. Bd3 Bb7 9. e4 b4 10. Na4 c5 11. e5 Nd5 12. 0-0 cxd4 13. Nxd4 Nxe5 14. Bb5+ Nd7 15. Re1 Rc8 16. Qh5 g6 17. Qe5 Qf6 18. Nf3 Bg7 19. Bxd7+ Kxd7 20. Qe2 Kc7 21. a3 bxa3 22. Rxa3 Kb8 23. Rb3 Qe7 24. Qb5 Ka8 25. Bd2 Rhd8 26. Ra1 Bc6 27. Nb6+ Nxb6 28. Qxb6 Bxf3 29. Qa5 Bd5 30. Rba3 Bxb2 31. Bg5 f6 32. Be3 Bxa3 33. Rxa3 Qb7 34. h3 a6 35. Ra4 Bc6 36. Rb4 Rd1+ 37. Kh2 Qc7+ 38. Qxc7 Rxc7 39. Rb6 Ra1 40. Bd4 Ra2 41. Bxf6 Rxf2 0-1

[Event "TUR-ch"]
[Site "Kemer"]
[Date "2011.02.08"]
[Round "5"]
[White "Ertan, Can"]
[Black "Demir, Zeki"]
[Result "1/2-1/2"]
[WhiteElo "2186"]
[BlackElo "1942"]
[PlyCount "176"]
[EventDate "2011.02.05"]
[EventType "swiss"]
[EventRounds "10"]
[EventCountry "TUR"]
[SourceTitle "CBM 140 Extra"]
[Source "ChessBase"]
[SourceDate "2011.03.01"]
[SourceVersion "1"]
[SourceVersionDate "2011.03.01"]
[SourceQuality "1"]

1. e4 e6 2. d4 d5 3. Nc3 Bb4 4. e5 c5 5. a3 Bxc3+ 6. bxc3 Ne7 7. Qg4 0-0 8. Bd3 Nbc6 9. Nf3 f5 10. exf6 Rxf6 11. Ne5 Nxe5 12. dxe5 Rf7 13. Qh4 g6 14. c4 Bd7 15. 0-0 Nf5 16. Qg4 Qc7 17. Re1 dxc4 18. Bxc4 b5 19. Bd3 c4 20. Bf1 Bc6 21. a4 a6 22. h4 Rd8 23. c3 Ng7 24. axb5 axb5 25. Bg5 Ra8 26. Rad1 Rf5 27. Qd4 Bd5 28. Bf6 Nh5 29. Bg5 Rf7 30. Be2 Ng7 31. Bf6 Qb7 32. Qg4 Nh5 33. Bg5 Raf8 34. f3 Qa7+ 35. Qd4 Qxd4+ 36. Rxd4 Ra8 37. Rb1 Ng3 38. Bd1 Rb7 39. Kf2 Nf5 40. Rd2 Ra3 41. Rc2 Kf7 42. Be2 Bc6 43. Bc1 Ra4 44. Rd2 Bd5 45. Rdb2 Ra5 46. Rb4 Ra2 47. R1b2 Rxb2 48. Rxb2 Ne7 49. Bd2 Nc6 50. f4 Na5 51. Ra2 Nb3 52. Be3 h5 53. g4 hxg4 54. Bxg4 b4 55. cxb4 Rxb4 56. Ra7+ Rb7 57. Ke2 Rxa7 58. Bxa7 Be4 59. Ke3 Bb1 60. Bd4 Nc1 61. Kd2 Nd3 62. Be3 Nb4 63. Kc3 Nd5+ 64. Kd4 c3 65. Bc1 Ba2 66. Kc5 c2 67. Be2 Nc3 68. Bd3 Bb1 69. Bc4 Na2 70. Bxa2 Bxa2 71. Kd6 Kg7 72. Ke7 Bd5 73. Bd2 Be4 74. Kxe6 Kf8 75. Kf6 Ke8 76. e6 Bd3 77. Bc1 Be4 78. Bb2 Bd3 79. Ba3 Be4 80. Ke5 Bd3 81. Kf6 Be4 82. Bc1 Bd3 83. f5 Bxf5 84. h5 gxh5 85. Kxf5 h4 86. Kg4 h3 87. Kxh3 Ke7 88. Kg3 Kxe6 1/2-1/2